| 000 | 00591nam a2200205Ia 4500 | ||
|---|---|---|---|
| 999 |
_c41103 _d41103 |
||
| 001 | 7753 | ||
| 003 | GE_BSU | ||
| 005 | 20220923151430.0 | ||
| 008 | 181216s2009en xx |||||||||||||| ||eng|| | ||
| 040 | _cGE_BSU | ||
| 050 | _a9780470399118 | ||
| 080 | _a720.28/4 C-52 | ||
| 100 |
_aChing, Francis D.K. _914749 |
||
| 245 |
_aArchitectural Graphics / _c Francis D.K. Ching, |
||
| 264 |
_aNew York : _bJohn Wiley, _c2009. |
||
| 300 |
_a250 p.; _b Ill. _c 28 cm. |
||
| 653 | _aArchitectural Graphics | ||
| 653 | _aარქიტექტურული გრაფიკა | ||
| 942 |
_cBK _2udc |
||